Statistiken für Länder, die mit "land" enden

Klicken Sie hier um das Quiz zu spielen!

Allgemein

  • Dieses Quiz wurde 4.085 mal gespielt
  • Das Durchschnittsergebnis liegt bei 10 aus 13

Antwortstatistiken

Länder% Korrekt
EuropaDeutschland
97%
EuropaRussland
88%
AsienRussland
88%
EuropaEstland
86%
EuropaFinnland
86%
EuropaLettland
84%
EuropaIrland
82%
EuropaGriechenland
81%
EuropaIsland
81%
OzeanienNeuseeland
80%
AsienThailand
64%
EuropaWeißrussland
58%
AfrikaSwasiland
56%

Verteilung der Resultate

Perzentil nach korrekt beantworteten Fragen

Anzahl Personen mit jedem Resultat

Ihre Resultats-Entwicklung

Sie haben dieses Quiz noch nicht gespielt